000 00722nam a22002177a 4500
005 20251108164013.0
008 250721s1999 xx 000 0 ara d
082 1 4 _a346.02/آد
100 1 _aالنداوي، آدم وهيب
245 1 0 _aشرح القانون المدني :
_bالعقود المسماة في القانون المدني - البيع و الإيجار ... /
264 1 _aعمان :
_bمكتبة دار الثقافة،
_c1999.
300 _a319ص
490 0 _aالمكتبه القانونية ؛ 246
650 1 7 _aالعقود
650 1 7 _aالقانون المدني
650 1 7 _aالإيجار
650 1 7 _aالبيوع
650 1 7 _aالأردن
942 _2ddc
_cBK
999 _c1199
_d1199